Nonlinear oscillations, dynamical systems, and bifurcations of vector fields
Gespeichert in:
| Hauptverfasser: | , |
|---|---|
| Format: | Buch |
| Sprache: | Englisch |
| Veröffentlicht: |
Nueva York
Springer-Verlag
1983
|
| Schriftenreihe: | Applied Mathematical Sciences 42
|
| Schlagworte: | |
| Tags: |
Tag hinzufügen
Keine Tags, Fügen Sie den ersten Tag hinzu!
|
MARC
| LEADER | 00000nam a2200000 a 4500 | ||
|---|---|---|---|
| 001 | UCR6192 | ||
| 003 | CL-VaPUC | ||
| 008 | 980420e19830000US |||||||||||||||||eng|d | ||
| 020 | |a 0387908196 | ||
| 082 | 0 | 4 | |a 515.35 |b GUC |2 21 |
| 100 | |a Guckenheimer, John |e author |9 619347 | ||
| 700 | 0 | |a Holmes, Philip |e author |9 407391 | |
| 245 | 1 | 0 | |a Nonlinear oscillations, dynamical systems, and bifurcations of vector fields |
| 300 | |a 459 p | ||
| 942 | |c BK | ||
| 945 | |d 19980420 00:00:00 |a rbrito | ||
| 260 | |a Nueva York |b Springer-Verlag |c 1983 | ||
| 650 | 7 | |a OSCILACIONES NO LINEALES |2 CL-VaPUC |9 407392 | |
| 650 | 0 | |a Vectores |9 317184 | |
| 650 | 7 | |a TEORIA DE LA BIFURCACION |2 CL-VaPUC |9 269963 | |
| 650 | 0 | |a Matemáticas aplicadas |9 342401 | |
| 583 | |a last modification |c 19980420 00:00:00 |k Rodrigo Vera | ||
| 490 | 0 | |a Applied Mathematical Sciences 42 | |
| 999 | |c 268492 |d 268490 | ||
| 952 | |0 0 |1 0 |4 0 |6 515_350000000000000_GUC_1983 |7 0 |8 A |9 301673 |a BIBMAT |b BIBMAT |d 2019-11-20 |i 3243710 |o 515.35 GUC 1983 |p 3243710 |r 2025-01-07 |w 2019-11-20 |y BK |k MAT | ||
| 952 | |0 0 |1 0 |4 0 |6 515_350000000000000_GUC_1983 |7 0 |8 A |9 301674 |a BIBMAT |b BIBMAT |d 2019-11-20 |i 4338227 |o 515.35 GUC 1983 |p 4338227 |r 2025-01-07 |w 2019-11-20 |y BK |k MAT | ||
| 952 | |0 0 |1 0 |4 0 |6 515_350000000000000_GUC_1983 |7 0 |8 A |9 301675 |a BIBMAT |b BIBMAT |d 2019-11-20 |i 4342364 |o 515.35 GUC 1983 |p 4342364 |r 2025-01-07 |w 2019-11-20 |y BK |k MAT | ||